| 000 | 00400 a2200133 4500 | ||
|---|---|---|---|
| 003 | Nust | ||
| 005 | 20170207171846.0 | ||
| 040 | _cNust | ||
| 082 | _a799 | ||
| 245 | _aRank Wearing Cermony of N/Sub Nasir PA to Comdt Photographs-2016 | ||
| 260 |
_aRawalpindi _bMCS _c01-07-2016 |
||
| 650 | _a118-Rank Wearing Cermony of N/Sub Nasir PA to Comdt Photographs-2016 DVD No.26 (Vol-VIII) | ||
| 651 | _aSweet Memories MCS | ||
| 942 | _cBK | ||
| 999 |
_c219209 _d219209 |
||